Capitales du Monde - Quiz - Statistiques

Statistiques générales
  • Ce quiz a été pris 1 711 599 fois
    1 606 697 depuis la dernière actualisation
  • Le résultat moyen est 70 sur 196
Statistiques - réponses
Pays Capitale % Correct
France Paris
96%
Allemagne Berlin
94%
Espagne Madrid
93%
Italie Rome
91%
Belgique Bruxelles
87%
Royaume-Uni Londres
86%
Portugal Lisbonne
85%
Russie Moscou
84%
Luxembourg Luxembourg
82%
Grèce Athènes
81%
Monaco Monaco
81%
Japon Tokyo
79%
États-Unis Washington
79%
Pays-Bas Amsterdam
77%
Irlande Dublin
77%
Autriche Vienne
77%
Chine Pékin
76%
Ukraine Kiev
75%
Vatican Vatican
75%
Brésil Brasilia
74%
Norvège Oslo
74%
Algérie Alger
73%
Suisse Berne
73%
Mexique Mexico
73%
Hongrie Budapest
69%
Corée du Sud Séoul
67%
Roumanie Bucarest
66%
Danemark Copenhague
66%
Finlande Helsinki
66%
Pologne Varsovie
66%
Argentine Buenos Aires
65%
Australie Canberra
65%
Canada Ottawa
65%
Bulgarie Sofia
65%
Suède Stockholm
64%
Croatie Zagreb
63%
Égypte Le Caire
62%
Inde New Delhi
61%
République Tchèque Prague
61%
Tunisie Tunis
60%
Andorre Andorre-la- Vieille
57%
Israël Jérusalem
57%
Maroc Rabat
57%
Turquie Ankara
56%
Saint-Marin Saint-Marin
56%
Pérou Lima
54%
Islande Reykjavik
53%
Malte La Valette
51%
Singapour Singapour
51%
Albanie Tirana
50%
Cuba La Havane
49%
Biélorussie Minsk
49%
Afrique du Sud Pretoria / Le Cap / Bloemfontein
49%
Bosnie- Herzégovine Sarajevo
49%
Colombie Bogotá
48%
Bangladesh Dacca
48%
Panama Panama
48%
Lettonie Riga
47%
Thaïlande Bangkok
45%
Afghanistan Kaboul
45%
Chili Santiago
45%
Estonie Tallinn
45%
Irak Bagdad
44%
Indonésie Jakarta
44%
Bolivie La Paz / Sucre
44%
Lituanie Vilnius
44%
Uruguay Montevideo
43%
Corée du Nord Pyongyang
43%
Serbie Belgrade
42%
Liban Beyrouth
42%
Sénégal Dakar
41%
Iran Téhéran
41%
Émirats Arabes Unis Abou Dabi
39%
Slovaquie Bratislava
39%
Qatar Doha
39%
Slovénie Ljubljana
39%
Nouvelle-Zélande Wellington
38%
Jamaïque Kingston
37%
Saint-Vincent-et- les-Grenadines Kingstown
37%
Arabie Saoudite Riyad
37%
Venezuela Caracas
36%
Syrie Damas
36%
Koweït Koweït
35%
Philippines Manille
35%
Chypre Nicosie
35%
Équateur Quito
35%
Viêt Nam Hanoï
34%
Kenya Nairobi
34%
Liechtenstein Vaduz
34%
Mali Bamako
33%
Djibouti Djibouti
33%
Rép. Dém. du Congo Kinshasa
33%
Mongolie Oulan-Bator
33%
Haïti Port-au-Prince
33%
Macédoine du Nord Skopje
32%
Rép du Congo Brazzaville
31%
Guatemala Guatemala
31%
Pakistan Islamabad
31%
Malaisie Kuala Lumpur
31%
Kosovo Pristina
30%
Azerbaïdjan Bakou
29%
Moldavie Chișinău
29%
Taïwan Taipei
29%
Arménie Erevan
28%
Burkina Faso Ouagadougou
28%
Libye Tripoli
28%
Madagascar Antananarivo
27%
Népal Katmandou
27%
Salvador San Salvador
27%
Géorgie Tbilissi
27%
Cameroun Yaoundé
27%
Gabon Libreville
26%
Monténégro Podgorica
26%
Costa Rica San José
26%
Jordanie Amman
25%
Kazakhstan Astana
25%
Paraguay Asunción
25%
Cambodge Phnom Penh
25%
République Dominicaine Saint-Domingue
25%
Yémen Sanaa
23%
Côte d'Ivoire Yamoussoukro
23%
Éthiopie Addis-Abeba
22%
Guinée-Bissau Bissau
22%
Ghana Accra
20%
Guyana Georgetown
20%
Maldives Malé
20%
Bahamas Nassau
20%
Sierra Leone Freetown
19%
Togo Lomé
19%
Nicaragua Managua
19%
Honduras Tegucigalpa
19%
Laos Vientiane
19%
Angola Luanda
18%
Guinée Conakry
17%
Oman Mascate
17%
Suriname Paramaribo
17%
Sao Tomé-et- Principe Sao Tomé
17%
Belize Belmopan
16%
Soudan Khartoum
16%
Bahreïn Manama
16%
Trinité-et-Tobago Port-d'Espagne
16%
Maurice Port-Louis
16%
Ouzbékistan Tachkent
16%
Seychelles Victoria
16%
Kirghizistan Bichkek
15%
Rwanda Kigali
15%
Bénin Porto-Novo
15%
Nigeria Abuja
14%
Timor Oriental Dili
14%
Niger Niamey
14%
Mauritanie Nouakchott
14%
Cap-Vert Praia
14%
Dominique Roseau
14%
Zimbabwe Harare
13%
Somalie Mogadiscio
13%
Tchad Ndjamena
13%
Antigua-et- Barbuda Saint John's
13%
Sri Lanka Sri Jayawardenapura Kotte
13%
Bhoutan Thimphou
13%
Turkménistan Achgabat
12%
Érythrée Asmara
12%
Brunei Bandar Seri Begawan
12%
République Centrafricaine Bangui
12%
Barbade Bridgetown
12%
Sainte-Lucie Castries
12%
Tadjikistan Douchanbé
12%
Botswana Gaborone
12%
Mozambique Maputo
12%
Comores Moroni
12%
Birmanie Naypyidaw
12%
Grenade Saint George's
12%
Namibie Windhoek
12%
Gambie Banjul
11%
Saint-Christophe- et-Niévès Basseterre
11%
Tanzanie Dodoma
11%
Papouasie- Nouvelle-Guinée Port Moresby
11%
Fidji Suva
11%
Guinée Équatoriale Ciudad de la Paz
10%
Ouganda Kampala
10%
Malawi Lilongwe
10%
Zambie Lusaka
10%
Eswatini Mbabane
10%
Liberia Monrovia
10%
Vanuatu Port-Vila
10%
Soudan du Sud Djouba
9%
Burundi Gitega
9%
Lesotho Maseru
9%
Samoa Apia
8%
Tuvalu Funafuti
8%
États Fédérés de Micronésie Palikir
7%
Nauru Yaren
7%
Îles Salomon Honiara
6%
Îles Marshall Majuro
6%
Tonga Nukuʻalofa
6%
Kiribati Tarawa-Sud
6%
Palaos Ngerulmud
5%
Aucun quiz correspondant
Distribution des résultats
% des personnes avec chaque résultat
Percentile par nombre de réponses
Votre historique - résultats
Vous n’avez pas pris ce quiz depuis la dernière actualisation